European countries with the most Romanian speakers - Statistics

General Stats
  • This quiz has been taken 133 times
  • The average score is 21 of 24
Answer Stats
Romanian population Country % Correct
17.000.000 Romania
100%
2.300.000 Moldova
99%
1.300.000 Italy
98%
1.000.000 Germany
97%
700.000 Spain
97%
430.000 United Kingdom
97%
37.000 Hungary
95%
300.000 France
93%
160.000 Russia
93%
410.000 Ukraine
93%
36.000 Portugal
92%
130.000 Austria
91%
57.000 Greece
90%
65.000 Serbia
90%
33.000 Sweden
90%
19.000 Norway
88%
90.000 Belgium
87%
40.000 Netherlands
86%
22.000 Switzerland
86%
30.000 Ireland
82%
36.000 Denmark
81%
20.000 Czech Republic
77%
24.000 Cyprus
45%
15.000 Kazakhstan
15%
No matching quizzes found
Score Distribution
Percent of People with Each Score
Percentile by Number Answered
Your Score History
You have not taken this quiz